00822nas a2200241Ia 4500001001200000003001000012005001700022008004100039040002500080041000700105100003000112245010800142250006200250260000900312300001600321500002800337650001100365654001200376942001200388999001900400999000700419952015400426dg99-43033 IT-MiCISF20251204122655.0161014c99999999xx |||||||||||| ||und|| aIT-MiCISFcIT-MiCISF ait aBelletti Francesco956063 0aFamiglia e lavoro: dal conflitto a nuove sinergie.bPresentazione del nono rapporto Cisf sulla famiglia a"Quaderni della Segreteria Generale CEI", n. 17, luglio  c2006 app. 157-178 a lavoro, famiglia, cisf aLavoro adossier cCR2ddc c219157d219157 bSi 0010406DG_994303371aCISFbCISFd2016-10-14l0odg99-43033 r2016-10-14 00:00:00w2016-10-14yCRzData import 15.10.2016 / by Epidotti, Vaglietti